Napoli all time xi - Statistics

General Stats
  • This quiz has been taken 81 times
  • The average score is 5 of 11
Answer Stats
Hint Answer % Correct
MF(Slovakia) Marek Hamsik
92%
MF(Argentina) Diego Maradona
87%
FW(Belgium) Dries Mertens
84%
DF(Senegal) Kalidou Koulibaly
79%
MF(Italy) Lorenzo Insigne
76%
MF(Spain) José Callejón
39%
DF(Italy) Giuseppe Bruscolotti
13%
FW(Brazil) José Altafini
8%
DF(Italy) Moreno Ferrario
4%
DF(Italy) Giovanni Francini
3%
GK(Italy) Ottavio Bugatti
1%
No matching quizzes found
Score Distribution
Percent of People with Each Score
Percentile by Number Answered
Your Score History
You have not taken this quiz